[Event "Mittelrhein Verbandsliga Nord 1920"]
[Site "Mittelrhein"]
[Date "2019.11.17"]
[Round "3.1"]
[White "Bausch, Thomas"]
[Black "Fabiani, Martin"]
[Result "1/2-1/2"]
[WhiteElo "2143"]
[BlackElo "1958"]
[PlyCount "141"]
[EventDate "2019.09.29"]
[EventType "team-tourn"]
[EventRounds "9"]
[EventCountry "GER"]
[SourceTitle "EXT 2023"]
[Source "ChessBase"]
[SourceDate "2022.10.05"]
[SourceVersion "1"]
[SourceVersionDate "2022.10.05"]
[SourceQuality "1"]
[WhiteTeam "Pulheim"]
[BlackTeam "Koeln Muelheim"]
[WhiteTeamCountry "GER"]
[BlackTeamCountry "GER"]

1. e4 c5 2. Nf3 d6 3. d4 cxd4 4. Nxd4 Nf6 5. Nc3 a6 6. g3 e5 7. Nb3 Be7 8. Bg2 Nc6 9. 0-0 0-0 10. h3 b5 11. a4 b4 12. Nd5 Be6 13. Be3 Bxd5 14. exd5 Na5 15. Qe2 Qc7 16. Rac1 Rfc8 17. Nd2 Nc4 18. Nxc4 Qxc4 19. Qd2 b3 20. cxb3 Qxb3 21. Rxc8+ Rxc8 22. Qa5 Rc4 23. Qxa6 Qxa4 24. Qb7 Bf8 25. Bd2 Rc5 26. Bc3 Qb5 27. Qxb5 Rxb5 28. Rd1 Nd7 29. Be4 Nb6 30. Kf1 g6 31. g4 Be7 32. Ke2 Bg5 33. Rd3 Na4 34. Rd1 Nxb2 35. Ra1 Rb3 36. Ra8+ Kg7 37. Rc8 Na4 38. Ba5 Rxh3 39. Bb4 Be7 40. Rc6 Rb3 41. Ba5 Nc5 42. Rxc5 dxc5 43. Bc7 Rb4 44. f3 Bf6 45. d6 h6 46. Bc6 Rd4 47. d7 c4 48. d8Q Rxd8 49. Bxd8 Bxd8 50. Bb5 c3 51. Kd3 Ba5 52. Ba4 f5 53. Kc4 Kf6 54. Kb5 fxg4 55. fxg4 Bd8 56. Kc4 Kg5 57. Bd1 c2 58. Bxc2 Kxg4 59. Bxg6 h5 60. Kd3 h4 61. Ke2 Kg3 62. Kf1 Bb6 63. Be4 h3 64. Bf5 Bc5 65. Be4 Kf4 66. Bh1 e4 67. Ke2 e3 68. Bc6 Kg3 69. Kf1 Kh2 70. Bd5 Bb4 71. Bc6 1/2-1/2

[Event "Mittelrhein Verbandsliga-N 17/18"]
[Site "Nordrheinwestfalen"]
[Date "2018.04.15"]
[Round "10.3"]
[White "Fabiani, Martin"]
[Black "Reuter, Michael"]
[Result "1-0"]
[WhiteElo "1959"]
[BlackElo "2034"]
[PlyCount "97"]
[EventDate "2017.09.10"]
[EventType "team-swiss"]
[EventRounds "11"]
[EventCountry "GER"]
[SourceTitle "EXT 2022"]
[Source "ChessBase"]
[SourceDate "2021.10.06"]
[SourceVersion "1"]
[SourceVersionDate "2021.10.06"]
[SourceQuality "1"]
[WhiteTeam "Koeln Muelheim"]
[BlackTeam "Langenfeld II"]
[WhiteTeamCountry "GER"]
[BlackTeamCountry "GER"]

1. e4 c6 2. Nf3 d5 3. Nc3 Nf6 4. e5 Ne4 5. Bd3 Nxc3 6. dxc3 Bg4 7. h3 Bh5 8. g4 Bg6 9. Bxg6 hxg6 10. e6 fxe6 11. Qd3 Qd6 12. Qxg6+ Kd7 13. Be3 c5 14. Qg5 Qb6 15. Ne5+ Kc8 16. 0-0-0 Rh6 17. Ng6 Qd8 18. Bxc5 b6 19. Bd4 Nc6 20. Nxf8 Nxd4 21. Qxg7 Ne2+ 22. Kd2 Rf6 23. Kxe2 Rxf8 24. Qe5 Qd7 25. Rd3 Kb7 26. f3 Rac8 27. Kd2 Rf6 28. h4 Qc6 29. Rf1 Rcf8 30. b3 Rf4 31. Qe2 Rc8 32. Qe3 Rcf8 33. Rf2 Qd6 34. Re2 R8f6 35. h5 Rxf3 36. Qxf3 Rxf3 37. Rxf3 e5 38. Rh3 Qh6+ 39. Kd1 e4 40. Rhh2 Qg7 41. Kc1 Qxc3 42. Kb1 a5 43. a3 a4 44. Ka2 axb3+ 45. cxb3 e3 46. h6 Qc1 47. h7 d4 48. h8Q d3 49. Qd4 1-0

[Event "Mittelrhein Verbandsliga-M 16/17"]
[Site "Nordrheinwestfalen"]
[Date "2016.10.23"]
[Round "3.6"]
[White "Wolff, Michael"]
[Black "Fabiani, Martin"]
[Result "0-1"]
[WhiteElo "1982"]
[BlackElo "1872"]
[PlyCount "118"]
[EventDate "2016.09.11"]
[EventType "team-tourn"]
[EventRounds "11"]
[EventCountry "GER"]
[SourceTitle "EXT 2022"]
[Source "ChessBase"]
[SourceDate "2021.10.06"]
[SourceVersion "1"]
[SourceVersionDate "2021.10.06"]
[SourceQuality "1"]
[WhiteTeam "Koeln Ford SF"]
[BlackTeam "Koeln Muelheim"]
[WhiteTeamCountry "GER"]
[BlackTeamCountry "GER"]

1. e4 c5 2. d4 cxd4 3. c3 e6 4. cxd4 d5 5. e5 Nc6 6. f4 Bd7 7. Nf3 Qb6 8. Nc3 a6 9. g3 Nh6 10. a3 Nf5 11. Ne2 h5 12. Bh3 g6 13. 0-0 Be7 14. Kh1 Na5 15. Bxf5 gxf5 16. h4 Bb5 17. Re1 Bc4 18. Neg1 Nb3 19. Rb1 Qb5 20. Re3 a5 21. Rc3 a4 22. Be3 Qa6 23. Ne1 b5 24. Nd3 Rc8 25. Bf2 Kd7 26. Nh3 Qb6 27. Nb4 Qa5 28. Ng5 Ke8 29. Nc2 Kf8 30. Kg2 Kg7 31. Be1 Qa7 32. Bf2 Rb8 33. Nf3 Qd7 34. Kh2 Bd8 35. Nb4 Rc8 36. Ng5 Qe7 37. Nf3 Ba5 38. Be1 Bxb4 39. axb4 Qxb4 40. Ng5 Qe7 41. Re3 b4 42. Bf2 Kg6 43. Re1 Qb7 44. Nf3 Qb5 45. Re3 Rc6 46. Ne1 Rhc8 47. Bg1 Na5 48. Nd3 Bxd3 49. Qxd3 Qxd3 50. Rxd3 Nb3 51. Be3 Rc2+ 52. Kg1 Kg7 53. Bf2 Kf8 54. Be1 R8c4 55. Bf2 Ke8 56. Be3 Kd7 57. Kh1 Kc6 58. Kg1 Re2 59. Kf1 Rcc2 0-1

[Event "Mittelrhein Verbandsliga-M 1112"]
[Site "Germany"]
[Date "2012.02.05"]
[Round "6.1"]
[White "Ebert, Mario"]
[Black "Fabiani, Martin"]
[Result "1/2-1/2"]
[WhiteElo "1922"]
[BlackElo "1936"]
[PlyCount "124"]
[EventDate "2011.09.18"]
[EventType "team-tourn"]
[EventRounds "11"]
[EventCountry "GER"]
[SourceTitle "EXT 2013"]
[Source "ChessBase"]
[SourceDate "2012.11.22"]
[SourceVersion "1"]
[SourceVersionDate "2012.11.22"]
[SourceQuality "1"]
[WhiteTeam "Rheinbacher SF II"]
[BlackTeam "Koeln Muelheim II"]
[WhiteTeamCountry "GER"]
[BlackTeamCountry "GER"]

1. e4 c5 2. d4 cxd4 3. Nf3 d6 4. Nxd4 Nf6 5. Nc3 a6 6. Bc4 e6 7. Bb3 Nbd7 8. Be3 Qc7 9. f3 Nc5 10. Qd2 Be7 11. 0-0-0 Nxb3+ 12. axb3 b5 13. g4 Bb7 14. h4 b4 15. Na4 d5 16. e5 Nd7 17. f4 Nc5 18. Nxc5 Bxc5 19. Rhe1 h5 20. g5 g6 21. Kb1 Bc8 22. c3 Rb8 23. Rc1 Qb7 24. c4 dxc4 25. Rxc4 Bxd4 26. Bxd4 0-0 27. Bc5 Re8 28. Bd6 Ra8 29. Rc7 Qb5 30. Rec1 Bb7 31. Qxb4 Qd3+ 32. Ka2 Bd5 33. R7c3 Qb5 34. Ka3 Qe2 35. R3c2 Qe3 36. Rc3 Qf2 37. Be7 Qa7 38. Bc5 Qd7 39. Bd6 Rec8 40. Rc7 Rxc7 41. Rxc7 Qd8 42. Rc3 Bg2 43. Qa4 Bf1 44. Rc7 Bb5 45. Qd4 Rc8 46. Qc5 Rxc7 47. Bxc7 Qd7 48. Bd6 Qd8 49. b4 Qd7 50. Be7 Qd3+ 51. Qc3 Qd7 52. Bf6 Qd3 53. Qxd3 Bxd3 54. Be7 Bb5 55. Kb3 Kg7 56. Kc3 Bf1 57. Kd4 Bh3 58. Kc5 Bf1 59. Kd6 Bc4 60. Kd7 Bd3 61. Bd6 Bc4 62. Ke7 Bd3 1/2-1/2